| 000 -LEADER |
| fixed length control field |
00904nam a22002177a 4500 |
| 008 - FIXED-LENGTH DATA ELEMENTS--GENERAL INFORMATION |
| fixed length control field |
250527b xxu||||| |||| 00| 0 eng d |
| 040 ## - CATALOGING SOURCE |
| Original cataloging agency |
Cagayan State University |
| 082 ## - DEWEY DECIMAL CLASSIFICATION NUMBER |
| Classification number |
791.4372 |
| Item number |
F621 |
| 245 ## - TITLE STATEMENT |
| Title |
Flight risk 2022 / directed by Gibson, Mel ; produce by Amer, Karim, Lerner, Mike, Jia, Karadsheh, Leen, McGuire, Paul |
| 300 ## - PHYSICAL DESCRIPTION |
| Extent |
1 videofile, (ca. 98 min.) ; |
| Other physical details |
sound, color. |
| 520 ## - SUMMARY, ETC. |
| Summary, etc |
A U.S. marshal boards a small plane to transfer a government witness to New York. As they cross the Alaskan wilderness, tensions start to rise as not everyone on the flight is who they appear to be. |
| 546 ## - LANGUAGE NOTE |
| Language note |
in English subtitle. |
| 650 ## - SUBJECT ADDED ENTRY--TOPICAL TERM |
| Topical term or geographic name as entry element |
Thriller |
| 650 ## - SUBJECT ADDED ENTRY--TOPICAL TERM |
| Topical term or geographic name as entry element |
Adventure |
| 700 ## - ADDED ENTRY--PERSONAL NAME |
| Personal name |
Gates, Dominic star. |
| 700 ## - ADDED ENTRY--PERSONAL NAME |
| Personal name |
Kuria, Zpporah star. |
| 700 ## - ADDED ENTRY--PERSONAL NAME |
| Personal name |
Green, Justin star. |
| 700 ## - ADDED ENTRY--PERSONAL NAME |
| Personal name |
Mullick, Omar cinematopgraphy. |
| 700 ## - ADDED ENTRY--PERSONAL NAME |
| Personal name |
Rosenzvit, Federiko editor. |
| 942 ## - ADDED ENTRY ELEMENTS (KOHA) |
| Source of classification or shelving scheme |
|
| Item type |
Audio-Visual Materials |